| 000 | 00960cam a2200265I 4500 | ||
|---|---|---|---|
| 008 | |||
| 020 | _a9781901502640 (pbk.) | ||
| 049 | _aMAIN | ||
| 090 |
_aGB651 _bHYD |
||
| 245 | 0 | 0 |
_aHydrological research in China : _bprocess studies, modelling approaches and applications / _cedited by Dawen Yang ... [et al.] |
| 260 |
_aWallingford : _bIAHS Press, _cc2008. |
||
| 300 |
_a262 p. : _bill., maps ; _c24 cm. |
||
| 440 |
_aIAHS publication ; _v322. |
||
| 504 | _aIncludes bibliographical references. | ||
| 500 | _aIncludes index. | ||
| 650 | 0 |
_aHydrology _xResearch _zChina _vCongresses. |
|
| 650 | 0 |
_aHydrology _zChina _xMathematical models _vCongresses. |
|
| 700 | 1 | _aYang, Dawen. | |
| 711 | 2 |
_aInternational Symposium on Flood Forecasting and Water Resources Assessment _d(2006) |
|
| 907 |
_a.b10316425 _b21-03-13 _c07-08-12 |
||
| 003 | |||
| 005 | 20230123125440.0 | ||
| 040 | _cNUST | ||
| 942 |
_cBOOKS _kGB651 _mHYD |
||
| 999 |
_c141689 _d141689 |
||